[Event "RUS-ch Women Rapid 2019"]
[Site "Sochi"]
[Date "2019.10.15"]
[Round "4.2"]
[White "Samigullina, Diana"]
[Black "Bivol, Alina"]
[Result "1/2-1/2"]
[WhiteElo "2161"]
[BlackElo "2283"]
[Annotator "NA"]
[PlyCount "129"]
[EventDate "2019.10.15"]
[EventType "swiss"]
[EventCountry "RUS"]
[SourceTitle "playchess.com"]
[Source "ChessBase"]
[SourceQuality "1"]
[TimeControl "900+10"]

1. d4 {[%emt 0:00:00]} Nf6 {[%emt 0:00:00]} 2. Nf3 {[%emt 0:00:00]} g6 {[%emt 0:00:00]} 3. Bg5 {[%emt 0:00:00]} Bg7 {[%emt 0:00:03]} 4. Nbd2 {[%emt 0:00:00]} d6 {[%emt 0:00:25]} 5. e4 {[%emt 0:00:00]} O-O {[%emt 0:00:26]} 6. c3 {[%emt 0:00:01]} c5 {[%emt 0:00:03]} 7. dxc5 {[%emt 0:00:56]} dxc5 {[%emt 0:00:03]} 8. Bc4 {[%emt 0:00:02]} h6 {[%emt 0:01:05]} 9. Be3 {[%emt 0:00:28]} Qc7 {[%emt 0:00:06]} 10. h3 {[%emt 0:00:31]} Nh5 {[%emt 0:00:41]} 11. e5 {[%emt 0:02:17]} Bxe5 {[%emt 0:00:16]} 12. Bxh6 {[%emt 0:00:17]} Bg7 {[%emt 0:00:18]} 13. Bxg7 {[%emt 0:00:34]} Kxg7 {[%emt 0:00:03]} 14. O-O {[%emt 0:03:54]} Nc6 {[%emt 0:00:08]} 15. Re1 {[%emt 0:00:21]} Nf4 {[%emt 0:00:22]} 16. Bf1 {[%emt 0:00:16]} Bf5 {[%emt 0:00:15]} 17. Ne4 {[%emt 0:00:49]} Rad8 {[%emt 0:00:13]} 18. Qa4 {[%emt 0:00:27]} b6 {[%emt 0:01:52]} 19. Ng3 {[%emt 0:00:42]} Bd3 {[%emt 0:00:19]} 20. Bxd3 {[%emt 0:02:34]} Nxd3 {[%emt 0:00:10]} 21. Re2 {[%emt 0:00:12]} e5 {[%emt 0:02:15]} 22. Qg4 {[%emt 0:00:58]} Rh8 {[%emt 0:01:25]} 23. Ng5 {[%emt 0:01:07]} Qc8 {[%emt 0:01:27]} 24. Qc4 {[%emt 0:00:14]} Qc7 {[%emt 0:00:27]} 25. Qg4 {[%emt 0:00:59]} Nf4 {[%emt 0:00:23]} 26. Ree1 {[%emt 0:00:09]} Qc8 {[%emt 0:00:49]} 27. Qf3 {[%emt 0:00:53]} f6 {[%emt 0:00:41]} 28. N5e4 {[%emt 0:00:02]} Rd3 {[%emt 0:00:09]} 29. Re3 {[%emt 0:00:05]} Rhd8 {[%emt 0:00:40]} 30. Rae1 {[%emt 0:00:16]} c4 {[%emt 0:00:03]} 31. Ne2 {[%emt 0:00:30]} Rxe3 {[%emt 0:00:14]} 32. fxe3 {[%emt 0:00:21]} Nxe2+ {[%emt 0:00:21]} 33. Rxe2 {[%emt 0:00:01]} Qe6 {[%emt 0:00:08]} 34. Rf2 {[%emt 0:00:08]} f5 {[%emt 0:00:34]} 35. Ng5 {[%emt 0:00:01]} Qd6 {[%emt 0:00:01]} 36. Rf1 {[%emt 0:00:29]} Ne7 {[%emt 0:02:00]} 37. e4 {[%emt 0:00:10]} Rf8 {[%emt 0:01:13]} 38. Qg3 {[%emt 0:00:06]} fxe4 {[%emt 0:00:42]} 39. Rxf8 {[%emt 0:00:20]} Kxf8 {[%emt 0:00:00]} 40. Nxe4 {[%emt 0:00:11]} Qe6 {[%emt 0:00:18]} 41. Qh4 {[%emt 0:00:09]} Ke8 {[%emt 0:00:27]} 42. Qh8+ {[%emt 0:00:15]} Kd7 {[%emt 0:00:01]} 43. Qb8 {[%emt 0:00:07]} a5 {[%emt 0:00:36]} 44. Kh2 {[%emt 0:00:13]} Qc6 {[%emt 0:00:08]} 45. Qa7+ {[%emt 0:00:10]} Ke8 {[%emt 0:00:14]} 46. Qb8+ {[%emt 0:00:02]} Kd7 {[%emt 0:00:06]} 47. Qa7+ {[%emt 0:00:12]} Qc7 {[%emt 0:00:04]} 48. Nf6+ {[%emt 0:00:02]} Kc8 {[%emt 0:00:03]} 49. Qa8+ {[%emt 0:00:09]} Qb8 {[%emt 0:00:02]} 50. Qe4 {[%emt 0:00:05]} b5 {[%emt 0:00:20]} 51. Nd5 {[%emt 0:00:11]} Nf5 {[%emt 0:00:14]} 52. g4 {[%emt 0:00:14]} Nh4 {[%emt 0:00:26]} 53. Ne7+ {[%emt 0:00:05]} Kd7 {[%emt 0:00:01]} 54. Nxg6 {[%emt 0:00:12]} Nxg6 {[%emt 0:00:02]} 55. Qxg6 {[%emt 0:00:01]} b4 {[%emt 0:00:10]} 56. Qf7+ {[%emt 0:00:10]} Kd6 {[%emt 0:00:03]} 57. Qxc4 {[%emt 0:00:03]} bxc3 {[%emt 0:00:11]} 58. Qxc3 {[%emt 0:00:10]} Qb6 {[%emt 0:00:01]} 59. Kg3 {[%emt 0:00:05]} Qg1+ {[%emt 0:00:22]} 60. Kh4 {[%emt 0:00:03]} Qf2+ {[%emt 0:00:01]} 61. Kh5 {[%emt 0:00:33]} Qf7+ {[%emt 0:00:03]} 62. Kh4 {[%emt 0:00:12]} Qf2+ {[%emt 0:00:01]} 63. Kh5 {[%emt 0:00:19]} Qf7+ {[%emt 0:00:01]} 64. Kh4 {[%emt 0:00:04]} Qf2+ {[%emt 0:00:01]} 65. Kh5 {[%emt 0:00:22]} 1/2-1/2

[Event "RUS-ch Women Rapid 2019"]
[Site "Sochi"]
[Date "2019.10.15"]
[Round "4.3"]
[White "Karavaeva, Olga"]
[Black "Belkova, Diana"]
[Result "1/2-1/2"]
[WhiteElo "2260"]
[BlackElo "2030"]
[Annotator "NA"]
[PlyCount "85"]
[EventDate "2019.10.15"]
[EventType "swiss"]
[EventCountry "RUS"]
[SourceTitle "playchess.com"]
[Source "ChessBase"]
[SourceQuality "1"]
[TimeControl "900+10"]

1. c4 Nf6 2. Nc3 c5 3. g3 Nc6 4. Bg2 d6 5. Nf3 g6 6. O-O Bg7 7. d4 cxd4 8. Nxd4 Bd7 9. e3 Qc8 10. Re1 Bh3 11. Bh1 h5 12. Qa4 Bd7 13. Nxc6 Bxc6 14. Bxc6+ bxc6 15. h4 Kf8 16. Kg2 Ng4 17. e4 Bd4 18. Nd1 Kg7 19. Qc2 Qe6 20. f3 Ne5 21. Be3 Bxe3 22. Nxe3 Rhb8 23. b3 a5 24. f4 Ng4 25. Nxg4 hxg4 26. Qc3+ f6 27. f5 Qe5 28. Qxe5 dxe5 29. fxg6 Kxg6 30. Rab1 c5 31. Red1 a4 32. Rd5 axb3 33. axb3 Ra2+ 34. Kg1 Ra3 35. Rd3 Ra2 36. Re1 Rb2 37. Ree3 Ra8 38. Re1 Raa2 39. Rde3 Rg2+ 40. Kh1 Rh2+ 41. Kg1 Rhg2+ 42. Kh1 Rh2+ 43. Kg1 1/2-1/2

[Event "RUS-ch Women Rapid 2019"]
[Site "Sochi"]
[Date "2019.10.15"]
[Round "4.4"]
[White "Garifullina, Leya"]
[Black "Pogonina, Natalija"]
[Result "0-1"]
[WhiteElo "2330"]
[BlackElo "2501"]
[Annotator "TA"]
[PlyCount "80"]
[EventDate "2019.10.15"]
[EventType "swiss"]
[EventCountry "RUS"]
[SourceTitle "playchess.com"]
[Source "ChessBase"]
[SourceQuality "1"]

{[%evp 21,82,21,17,18,27,20,27,21,24,0,28,29,30,15,62,10,3,0,21,3,10,8,18,18,20,22,18,10,26,31,64,35,31,43,55,54,103,88,81,84,96,0,16,18,20,12,12,14,13,0,0,0,0,-185,-47,-716,-187,-706,-716,-29993,-29992,-29994,-29993]} 1. e4 e5 2. Nf3 Nc6 3. Bb5 a6 4. Ba4 Nf6 5. O-O Be7 6. Re1 b5 7. Bb3 d6 8. c3 O-O 9. h3 Nb8 10. d4 Nbd7 11. Nbd2 c5 12. Nf1 {C95: Closed Ruy Lopez: Breyer Variation with 10 d4} Re8 13. Ng3 Bf8 14. a4 {White has an edge.} Bb7 (14... Rb8 15. Bc2 g6 16. Bg5 h6 17. Be3 Bg7 18. Qc1 Kh7 19. Rd1 Qc7 20. axb5 axb5 {½-½ (108) Sasikiran,K (2673)-Kovalev,V (2661) Poikovsky 2019}) 15. Bc2 Qc7 16. d5 c4 17. Nh2 $146 ({Predecessor:} 17. Bg5 Reb8 18. Qd2 Bc8 19. Ra3 Ne8 {0-1 (82) Vetoshko,V (2430)-Schroeder,J (2507) Celje 2016}) 17... Nc5 18. Ng4 (18. Bg5 $14) 18... Nxg4 $11 19. hxg4 Rab8 {[%cal Ba8b8,Bb8b4,Bb4a4][%mdl 32]} 20. axb5 axb5 21. Be3 Bc8 22. Nf5 b4 23. cxb4 Rxb4 24. Qd2 Qb6 25. Qc3 Qb5 26. Reb1 {aiming for Bd2.} (26. Bd2 $5 {[%cal Rc3b4]} Rxb2 27. Bc1 Rxc2 28. Qxc2 $14) 26... Nb3 27. Ra7 Ra4 28. Rc7 Qb4 29. f3 Bxf5 30. gxf5 Rb8 31. Ra7 (31. Kh2 $1 $16) 31... Rxa7 32. Bxa7 Nd4 {Hoping for ...Ne2+.} 33. Bxd4 exd4 34. Qxd4 Be7 35. b3 Bf6 36. Qxc4 Qb6+ 37. Kh1 $2 {[#]} (37. Kf1 $1 $11) 37... Qf2 (37... Qe3 $1 $19 {And now ...Bd4 would win.} 38. Rf1 Qh6+ 39. Kg1 Bd8) 38. Rf1 $2 {[%mdl 8192] [#]} (38. e5 $15 Bxe5 39. Rf1) 38... Qh4+ $1 $19 39. Kg1 {intending e5.} Bd8 {( -> ...Bb6+)} ({Weaker is} 39... Be5 40. Rd1 $17) 40. g3 Qxg3+ 0-1

[Event "RUS-ch Women Rapid 2019"]
[Site "Sochi"]
[Date "2019.10.15"]
[Round "4.5"]
[White "Gvanceladze, Anna"]
[Black "Voit, Daria"]
[Result "0-1"]
[WhiteElo "2270"]
[BlackElo "2361"]
[Annotator "TA"]
[PlyCount "74"]
[EventDate "2019.10.15"]
[EventType "swiss"]
[EventCountry "RUS"]
[SourceTitle "playchess.com"]
[Source "ChessBase"]
[SourceQuality "1"]

{[%evp 16,74,0,0,0,-4,10,-28,17,-5,-5,-2,-13,-9,-11,0,0,-18,-2,-9,-8,-23,-12,-25,-22,-25,-31,-39,-33,-45,-41,-41,-41,-44,427,-44,-44,-48,-48,-131,-131,-131,-129,-129,-110,-259,-252,-276,-271,-453,-305,-341,-334,-403,-407,-529,-522,-515,-500,-730,-720]} 1. d4 Nf6 2. Nf3 e6 3. e3 b6 4. Bd3 Bb7 5. O-O d5 6. b3 Bd6 7. Bb2 O-O 8. Qe2 c5 9. Nbd2 Nc6 {D05: Colle System with ...e6} 10. a3 Qc7 (10... Rc8 11. Ne5 Ne7 {½-½ (11) Papp,G (2587)-Banusz,T (2626) Ajka 2019}) 11. Rac1 Rac8 $146 {Black has an edge.} ({Predecessor:} 11... cxd4 12. exd4 Rac8 13. Ne5 Nd7 14. Nxd7 Qxd7 15. Qh5 g6 16. Qh6 Rfe8 17. f4 Bf8 18. Qh4 Be7 19. Qh6 Bf8 20. Qh3 Ne7 {½-½ (20) Maiorov,O (2444)-Mokhna,N (2137) Anapa 2008}) 12. c4 cxd4 13. exd4 Qe7 14. b4 dxc4 $1 15. Nxc4 Bf4 16. Rcd1 Rfd8 17. Rfe1 Qc7 18. Nce5 Bh6 19. Bb1 Nxe5 20. dxe5 Rxd1 21. Qxd1 Nd5 22. Nd4 Nc3 23. Bxc3 Qxc3 24. Nb5 $1 {[%cal Rb5c3][%mdl 64] [#] Double Attack} Qxe1+ $1 {[%mdl 512]} 25. Qxe1 Rc1 26. Qxc1 Bxc1 $15 {[%mdl 4096] Endgame KBB-KBN} 27. g3 {[#]} (27. Nxa7 $15 Bxa3 28. b5) 27... a6 $1 $17 {[%cal Ra6b5]} 28. Nd6 Bc6 29. Nc8 {Black must now prevent Ne7+.} Bb5 30. Nxb6 (30. a4 $17 {was necessary.} Bxa4 31. Bd3) 30... Bxa3 $19 31. Nc8 Bxb4 32. Na7 $2 (32. Nd6 Bxd6 33. exd6) 32... Bc4 33. Nc6 Bc3 34. Bc2 Bb5 35. Na7 Bd7 {Black is clearly winning.} 36. Be4 a5 {[%cal Ba6a5,Ba5a4][%mdl 32] Hoping for ...a4.} 37. Nc6 a4 {Accuracy: White = 26%, Black = 84%.} 0-1

[Event "RUS-ch Women Rapid 2019"]
[Site "Sochi"]
[Date "2019.10.15"]
[Round "4.6"]
[White "Ambartsumova, Karina"]
[Black "Lysenko, Margarita"]
[Result "1-0"]
[WhiteElo "2336"]
[BlackElo "2243"]
[Annotator "NA"]
[PlyCount "79"]
[EventDate "2019.10.15"]
[EventType "swiss"]
[EventCountry "RUS"]
[SourceTitle "playchess.com"]
[Source "ChessBase"]
[SourceQuality "1"]
[TimeControl "900+10"]

1. c4 {[%emt 0:00:00]} e5 {[%emt 0:00:00]} 2. Nc3 {[%emt 0:00:04]} Nf6 {[%emt 0:00:00]} 3. Nf3 {[%emt 0:00:03]} Nc6 {[%emt 0:00:02]} 4. a3 {[%emt 0:00:03]} d5 {[%emt 0:00:47]} 5. cxd5 {[%emt 0:00:02]} Nxd5 {[%emt 0:00:02]} 6. Qc2 {[%emt 0:00:01]} Be7 {[%emt 0:01:23]} 7. e3 {[%emt 0:00:59]} a6 {[%emt 0:06:17]} 8. b4 {[%emt 0:00:53]} Nxc3 {[%emt 0:00:30]} 9. dxc3 {[%emt 0:00:12]} O-O {[%emt 0:00:42]} 10. Bd3 {[%emt 0:03:32]} f5 {[%emt 0:00:14]} 11. e4 {[%emt 0:00:02]} f4 {[%emt 0:00:30]} 12. O-O {[%emt 0:00:32]} Bg4 {[%emt 0:00:35]} 13. Be2 {[%emt 0:00:24]} Qe8 {[%emt 0:00:33]} 14. h3 {[%emt 0:01:24]} Be6 {[%emt 0:00:17]} 15. Bb2 {[%emt 0:00:14]} Bf6 {[%emt 0:00:48]} 16. c4 {[%emt 0:00:16]} Rd8 {[%emt 0:00:28]} 17. Rad1 {[%emt 0:00:50]} Qg6 {[%emt 0:00:42]} 18. Kh2 {[%emt 0:00:55]} Nd4 {[%emt 0:01:13]} 19. Bxd4 {[%emt 0:01:08]} exd4 {[%emt 0:00:02]} 20. Bd3 {[%emt 0:00:12]} Qh5 {[%emt 0:00:56]} 21. e5 {[%emt 0:00:36]} Be7 {[%emt 0:00:42]} 22. Be4 {[%emt 0:01:09]} c5 {[%emt 0:00:07]} 23. Bxb7 {[%emt 0:02:23]} g5 {[%emt 0:00:04]} 24. bxc5 {[%emt 0:01:20]} Bxc5 {[%emt 0:00:44]} 25. Bd5 {[%emt 0:00:17]} Bxd5 26. cxd5 {[%emt 0:00:01]} Rxd5 {[%emt 0:00:39]} 27. Qc4 {[%emt 0:00:47]} Rfd8 {[%emt 0:00:01]} 28. Qxa6 {[%emt 0:00:05]} d3 {[%emt 0:00:49]} 29. Qe6+ {[%emt 0:00:08]} Qf7 {[%emt 0:00:02]} 30. Nxg5 {[%emt 0:00:10]} Qxe6 {[%emt 0:00:09]} 31. Nxe6 {[%emt 0:00:01]} R8d7 {[%emt 0:00:26]} 32. Nxf4 {[%emt 0:00:07]} Rxe5 {[%emt 0:00:11]} 33. Rxd3 {[%emt 0:00:12]} Rf7 {[%emt 0:00:17]} 34. g3 {[%emt 0:00:10]} Ra7 {[%emt 0:00:13]} 35. Rd8+ {[%emt 0:00:34]} Bf8 {[%emt 0:00:03]} 36. Rb1 {[%emt 0:00:22]} Kf7 {[%emt 0:00:06]} 37. Rbb8 Bxa3 {[%emt 0:00:02]} 38. Rh8 {[%emt 0:00:45]} Kg7 39. Rbg8+ {[%emt 0:00:09]} Kh6 {[%emt 0:00:30]} 40. Rg6# {[%emt 0:00:06]} 1-0

[Event "RUS-ch Women Rapid 2019"]
[Site "Sochi"]
[Date "2019.10.15"]
[Round "4.7"]
[White "Chekmareva, Liya"]
[Black "Bykova, Anastasia"]
[Result "1/2-1/2"]
[WhiteElo "2023"]
[BlackElo "2247"]
[Annotator "NA"]
[PlyCount "57"]
[EventDate "2019.10.15"]
[EventType "swiss"]
[EventCountry "RUS"]
[SourceTitle "playchess.com"]
[Source "ChessBase"]
[SourceQuality "1"]
[TimeControl "900+10"]

1. e4 {[%emt 0:00:00]} c6 {[%emt 0:00:00]} 2. d4 {[%emt 0:00:00]} d5 {[%emt 0:00:00]} 3. exd5 {[%emt 0:00:06]} cxd5 {[%emt 0:00:00]} 4. c4 {[%emt 0:00:01]} e6 {[%emt 0:00:00]} 5. Nc3 {[%emt 0:00:04]} Nf6 {[%emt 0:00:00]} 6. Bg5 {[%emt 0:00:45]} Be7 {[%emt 0:00:07]} 7. Nf3 {[%emt 0:00:13]} O-O {[%emt 0:00:08]} 8. c5 {[%emt 0:00:56]} b6 {[%emt 0:00:15]} 9. b4 {[%emt 0:01:34]} a5 {[%emt 0:00:01]} 10. a3 {[%emt 0:00:12]} axb4 {[%emt 0:00:04]} 11. axb4 {[%emt 0:00:02]} Rxa1 {[%emt 0:00:02]} 12. Qxa1 {[%emt 0:00:01]} bxc5 {[%emt 0:00:01]} 13. bxc5 {[%emt 0:00:09]} Ne4 {[%emt 0:00:26]} 14. Bxe7 {[%emt 0:00:24]} Qxe7 {[%emt 0:00:01]} 15. Bd3 {[%emt 0:00:18]} Bb7 {[%emt 0:01:14]} 16. O-O {[%emt 0:00:43]} f5 {[%emt 0:02:56]} 17. Rb1 {[%emt 0:01:21]} Nc6 {[%emt 0:00:19]} 18. Ne2 {[%emt 0:04:58]} Ra8 {[%emt 0:04:45]} 19. Qb2 {[%emt 0:00:01]} Bc8 {[%emt 0:01:02]} 20. Qb6 {[%emt 0:01:51]} Bd7 {[%emt 0:00:39]} 21. Rc1 {[%emt 0:02:45]} Rb8 {[%emt 0:02:25]} 22. Qc7 {[%emt 0:00:02]} Rc8 {[%emt 0:00:05]} 23. Qb7 {[%emt 0:01:02]} Rb8 {[%emt 0:00:18]} 24. Qc7 {[%emt 0:00:02]} Rc8 {[%emt 0:00:02]} 25. Qb7 {[%emt 0:00:01]} Qd8 {[%emt 0:02:08]} 26. Qb6 {[%emt 0:01:21]} Qf6 {[%emt 0:01:29]} 27. Qb7 {[%emt 0:00:12]} Qd8 {[%emt 0:00:27]} 28. Qb6 {[%emt 0:00:02]} Qf6 {[%emt 0:00:14]} 29. Qb7 {[%emt 0:00:01]} 1/2-1/2

[Event "RUS-ch Women Rapid 2019"]
[Site "Sochi"]
[Date "2019.10.15"]
[Round "4.8"]
[White "Shafigullina, Zarina"]
[Black "Lysenko, Maria"]
[Result "1-0"]
[WhiteElo "2295"]
[BlackElo "1986"]
[Annotator "NA"]
[PlyCount "99"]
[EventDate "2019.10.15"]
[EventType "swiss"]
[EventCountry "RUS"]
[SourceTitle "playchess.com"]
[Source "ChessBase"]
[SourceQuality "1"]
[TimeControl "900+10"]

1. d4 Nf6 2. Nf3 e6 3. g3 b6 4. Bg2 Bb7 5. O-O d5 6. c4 Be7 7. cxd5 exd5 8. Nc3 O-O 9. Bf4 Nh5 10. Bd2 Nf6 11. Rc1 Ne4 12. Bf4 Bd6 13. Bxd6 Nxd6 14. Ne5 c6 15. Re1 Nd7 16. e4 dxe4 17. Nxe4 Nxe4 18. Bxe4 Nxe5 19. dxe5 Qc7 20. Rc4 g6 21. Qd6 Rac8 22. Qxc7 Rxc7 23. Rd1 c5 24. Bxb7 Rxb7 25. Rd6 Re8 26. f4 Re6 27. Rd8+ Kg7 28. Kf2 f6 29. exf6+ Kxf6 30. Rc2 Rbe7 31. Rcd2 Re8 32. R8d5 R8e7 33. Kf3 Re3+ 34. Kg4 Re2 35. h3 h5+ 36. Kh4 Rxd2 37. Rxd2 {[%emt 0:18:47]} Kf5 {[%emt 0:19:58]} 38. Rd5+ {[%emt 0:00:10]} Kf6 {[%emt 0:00:10]} 39. g4 {[%emt 0:00:10]} hxg4 {[%emt 0:00:10]} 40. hxg4 {[%emt 0:00:10]} Re2 {[%emt 0:00:10]} 41. Rd6+ {[%emt 0:00:10]} Re6 {[%emt 0:00:10]} 42. Rxe6+ {[%emt 0:00:10]} Kxe6 {[%emt 0:00:10]} 43. Kg5 {[%emt 0:02:01]} Kf7 44. f5 gxf5 {[%emt 0:00:50]} 45. Kxf5 {[%emt 0:00:02]} b5 {[%emt 0:00:07]} 46. Ke5 {[%emt 0:00:05]} Kg6 {[%emt 0:00:19]} 47. Kd5 {[%emt 0:00:39]} c4 {[%emt 0:00:01]} 48. a3 {[%emt 0:00:01]} Kg5 {[%emt 0:00:38]} 49. Kc5 {[%emt 0:00:02]} a6 {[%emt 0:00:01]} 50. Kb6 {[%emt 0:00:01]} 1-0

[Event "RUS-ch Women Rapid 2019"]
[Site "Sochi"]
[Date "2019.10.15"]
[Round "4.9"]
[White "Bodnaruk, Anastasia"]
[Black "Klyasheva, Tatiana"]
[Result "1-0"]
[WhiteElo "2449"]
[BlackElo "2049"]
[Annotator "TA"]
[PlyCount "29"]
[EventDate "2019.10.15"]
[EventType "swiss"]
[EventCountry "RUS"]
[SourceTitle "playchess.com"]
[Source "ChessBase"]
[SourceQuality "1"]

{[%evp 13,29,65,73,55,79,60,73,61,65,55,116,93,199,194,337,348,314,325]} 1. e4 g6 2. d4 c6 3. Nc3 Bg7 4. f4 d5 5. e5 h5 6. Nf3 Bf5 7. Be3 Nh6 8. h3 $146 {B15: Caro-Kann: 3 Nc3: 3...g6 and 3...dxe4 4 Nxe4 Nf6 5 Nxf6+ exf6} (8. Qd2 e6 9. Be2 Nd7 10. h3 b5 11. Bf2 a6 12. Ng5 c5 13. dxc5 Rc8 14. b4 f6 15. Nf3 fxe5 16. fxe5 Nxe5 {1-0 (37) Yudin,S (2530)-Solovjev,N (2290) Nizhnij Tagil 2015}) 8... e6 9. Bf2 Nd7 10. Be2 {White is better.} Bf8 11. Ng5 {And now g4 would win.} Qa5 ({Black should try} 11... f6 $14) 12. g4 $16 hxg4 (12... Ba3 $16 {is a better defense.} 13. Qc1 (13. gxf5 Bxb2 {[%mdl 64] Double Attack} 14. Rb1 Nxf5 $17) (13. bxa3 Qxc3+ {[%mdl 64] Double Attack} 14. Kf1 Be4 $14) 13... Be4 14. Ngxe4 dxe4) 13. hxg4 $18 Be4 (13... Ba3 $142) 14. Ngxe4 dxe4 15. g5 1-0

[Event "RUS-ch Women Rapid 2019"]
[Site "Sochi"]
[Date "2019.10.15"]
[Round "4.10"]
[White "Goltseva, Ekaterina"]
[Black "Guseva, Marina"]
[Result "1-0"]
[WhiteElo "2317"]
[BlackElo "2335"]
[Annotator "TA"]
[PlyCount "55"]
[EventDate "2019.10.15"]
[EventType "swiss"]
[EventCountry "RUS"]
[SourceTitle "playchess.com"]
[Source "ChessBase"]
[SourceQuality "1"]

{[%evp 19,55,10,16,1,22,36,35,27,37,33,53,9,29,29,54,64,121,124,122,138,302,337,319,268,350,84,312,268,507,517,479,332,862,786,29986,29987,29993,29987]} 1. d4 Nf6 2. c4 e6 3. Nc3 Bb4 4. e3 O-O 5. Bd3 d5 6. Nf3 b6 7. cxd5 exd5 8. O-O Bb7 9. Ne5 Nbd7 10. f4 c5 11. Ne2 {[%cal Bc3e2,Be2g3,Bg3f5][%mdl 32] E52: Nimzo-Indian: Rubinstein: 4...0-0 5 Nf3 d5 6 Bd3 b6} cxd4 $146 (11... c4 12. Bc2 Ne8 13. Rf3 Ndf6 14. Nc3 Bc8 15. Nc6 Qd6 16. Nxb4 Qxb4 17. h3 Bb7 18. Bd2 Qe7 {1-0 (89) Navara,D (2741)-Kryvoruchko,Y (2711) Linares 2018}) 12. exd4 Bd6 13. Bf5 {White is slightly better.} Re8 14. Ng3 Nf8 15. Qf3 Ne6 16. Be3 Rc8 17. Bd3 Bf8 (17... Nf8 $14) 18. Nf5 $16 g6 {[#]} 19. Ng3 $1 Ne4 $2 (19... Bg7 $16) 20. f5 $18 {aiming for fxg6.} N6g5 {[#]} 21. Qg4 $1 h5 22. Bxg5 $2 (22. Qe2 $18 {and the rest is easy.}) 22... Nxg5 $2 (22... hxg4 $16 23. Bxd8 Rcxd8) 23. Qf4 h4 $2 (23... f6) 24. fxg6 fxg6 25. Bxg6 {White threatens Bf7+ and mate.} Bh6 $2 (25... Rxe5 26. dxe5 (26. Bf7+ Nxf7 27. dxe5 Nh6 $11) 26... Rc4) 26. Qxh4 Rxe5 27. Qxh6 Re3 28. Nf5 {Accuracy: White = 51%, Black = 10%.} 1-0

[Event "RUS-ch Women Rapid 2019"]
[Site "Sochi"]
[Date "2019.10.15"]
[Round "4.11"]
[White "Maltsevskaya, Aleksandra"]
[Black "Gutkovich, Polina"]
[Result "0-1"]
[WhiteElo "2304"]
[BlackElo "2105"]
[Annotator "NA"]
[PlyCount "72"]
[EventDate "2019.10.15"]
[EventType "swiss"]
[EventCountry "RUS"]
[SourceTitle "playchess.com"]
[Source "ChessBase"]
[SourceQuality "1"]
[TimeControl "900+10"]

1. e4 {[%emt 0:00:00]} Nc6 {[%emt 0:00:00]} 2. Nf3 {[%emt 0:00:00]} d6 {[%emt 0:00:00]} 3. d4 {[%emt 0:00:00]} Nf6 {[%emt 0:00:00]} 4. Bd3 {[%emt 0:00:02]} g6 {[%emt 0:00:00]} 5. O-O {[%emt 0:00:03]} Bg7 {[%emt 0:00:00]} 6. c3 {[%emt 0:00:01]} O-O {[%emt 0:00:01]} 7. h3 {[%emt 0:00:01]} e5 {[%emt 0:00:11]} 8. Na3 {[%emt 0:00:33]} d5 {[%emt 0:01:40]} 9. exd5 {[%emt 0:02:13]} Nxd5 {[%emt 0:00:11]} 10. dxe5 {[%emt 0:00:42]} Nxe5 {[%emt 0:00:12]} 11. Nxe5 {[%emt 0:00:02]} Bxe5 {[%emt 0:00:02]} 12. Bh6 {[%emt 0:00:01]} Re8 {[%emt 0:00:22]} 13. Nc4 {[%emt 0:00:39]} Bf4 {[%emt 0:00:30]} 14. Bxf4 {[%emt 0:01:22]} Nxf4 {[%emt 0:00:02]} 15. Bc2 {[%emt 0:00:00]} Qg5 {[%emt 0:00:10]} 16. Qf3 {[%emt 0:00:32]} Bxh3 {[%emt 0:00:58]} 17. Ne3 {[%emt 0:00:48]} Bd7 {[%emt 0:01:00]} 18. Bb3 {[%emt 0:03:38]} Bc6 {[%emt 0:04:26]} 19. Qg4 {[%emt 0:00:02]} Qxg4 {[%emt 0:00:01]} 20. Nxg4 {[%emt 0:00:01]} Kg7 {[%emt 0:00:02]} 21. Ne3 {[%emt 0:00:13]} Re5 {[%emt 0:01:37]} 22. Rfe1 {[%emt 0:02:18]} Rae8 {[%emt 0:00:39]} 23. Kf1 {[%emt 0:02:36]} Rh5 {[%emt 0:00:33]} 24. Kg1 {[%emt 0:00:01]} Rg5 {[%emt 0:00:13]} 25. f3 {[%emt 0:00:12]} Bxf3 {[%emt 0:02:27]} 26. Nf5+ {[%emt 0:02:38]} gxf5 {[%emt 0:00:04]} 27. Rxe8 {[%emt 0:00:02]} Rxg2+ {[%emt 0:00:02]} 28. Kf1 {[%emt 0:00:00]} Nh3 {[%emt 0:00:01]} 29. Ke1 {[%emt 0:00:38]} Rg1+ {[%emt 0:00:03]} 30. Kd2 {[%emt 0:00:01]} Rxa1 {[%emt 0:00:01]} 31. Re7 {[%emt 0:00:11]} Ng5 {[%emt 0:00:08]} 32. Rxc7 {[%emt 0:00:01]} h5 {[%emt 0:00:50]} 33. Ke3 {[%emt 0:00:26]} h4 {[%emt 0:00:11]} 34. Kf4 {[%emt 0:00:01]} Rg1 {[%emt 0:00:02]} 35. Rd7 {[%emt 0:00:21]} h3 {[%emt 0:00:19]} 36. Rd2 {[%emt 0:00:02]} Rg2 {[%emt 0:00:05]} 0-1

[Event "RUS-ch Women Rapid 2019"]
[Site "Sochi"]
[Date "2019.10.15"]
[Round "4.12"]
[White "Mukhina, Jana"]
[Black "Gritsayeva, Oksana"]
[Result "1/2-1/2"]
[WhiteElo "2105"]
[BlackElo "2260"]
[Annotator "NA"]
[PlyCount "81"]
[EventDate "2019.10.15"]
[EventType "swiss"]
[EventCountry "RUS"]
[SourceTitle "playchess.com"]
[Source "ChessBase"]
[SourceQuality "1"]
[TimeControl "900+10"]

1. e4 c5 2. Nf3 Nc6 3. Bb5 g6 4. O-O Bg7 5. c3 Qb6 6. Bxc6 Qxc6 7. d4 d6 8. e5 Bg4 9. d5 Qd7 10. exd6 exd6 11. h3 Bxf3 12. Qxf3 Ne7 13. Bf4 O-O 14. Nd2 Rae8 15. Nc4 Nf5 16. g4 b5 17. Na5 Ne7 18. Rad1 Nc8 19. b4 f5 20. g5 Re4 21. Nc6 Rfe8 22. Qg3 Bxc3 23. Qxc3 Rxf4 24. bxc5 dxc5 25. Qxc5 Nd6 26. Qxa7 Qxa7 27. Nxa7 Ra4 28. Nc6 Rxa2 29. Rfe1 Re4 30. f3 Ree2 31. Rxe2 Rxe2 32. Ra1 f4 33. Ra8+ Kf7 34. Ra7+ Ke8 35. Ra8+ Kd7 36. Ra7+ Kc8 37. Ne7+ Kd8 38. Nc6+ Kc8 39. Ne7+ Kd8 40. Nc6+ Kc8 41. Ne7+ 1/2-1/2